00540nam a22001337a 4500003000500000005001700005008004100022040000900063100006200072245018500134260003500319300002300354630002900377ASAB20180827062832.0180509t xxu||||| |||| 00| 0 eng d cASAB aMuhammad Suleman Riaz-sup-Dr. Najam-us-Sahar Sadaf Zaidi  aTH-MS-Propagation and Isolation of Avian Influenza H9N2 on Mammalian and Embryo Cell Lines nad Cloning of its Matrix GenecMuhammad Suleman Riaz-sup-Dr. Najam-us-Sahar Sadaf Zaidi  aIslamabad bASAB (NCVI) c2011 axvii, 113 Pb30 cm aVirology and Immunology